000 00515nam a2200205Ia 4500
003 OSt
005 20140403142821.0
008 140130s9999 xx 000 0 und d
020 _a04390403324
050 _aPZ 7
_b.K883Ho 2002
100 _aKrensky, Stephen.
_913540
245 _cStephen Krensky
_aHow Santa Lost His Job /
260 _bScholastic,
_c2001
_aNew York :
300 _a29 p. :
_bcol. ill. ;
_c22 cm.
521 _aG2
526 _c310
942 _cBK
_2lcc
999 _c40143
_d40143